[Event "WINTER -2009"]
[Site "SchemingMind.com"]
[Date "2009.11.26"]
[Round "-"]
[White "capablanca"]
[Black "Clive Everill"]
[Result "1-0"]
[WhiteCountry "GER"]
[BlackCountry "CZE"]
[WhiteElo "1616"]
[WhiteRD "52"]
[BlackElo "1672"]
[BlackRD "49"]
[GameID "228333"]

1. e4 d6 2. d4 Nf6 3. Nc3 g6 4. Bc4 Nc6 5. Nf3 Bg7 6. Bf4 Nh5 7. Be3 O-O 8. Qd2 Bg4 9. O-O-O Na5 10. Be2 c6
11. b4 Bxf3 12. Bxf3 Nc4 13. Qd3 Nxe3 14. Qxe3 a5 15. a3 axb4 16. axb4 Ra1+ 17. Kb2 Rxd1 18. Rxd1 Nf6 19. e5 Nd7 20. exd6 exd6
21. b5 Qb6 22. Be2 c5 23. dxc5 Nxc5 24. Kc1 Ra8 25. Bc4 Bxc3 26. Qxc3 Ra1+ 27. Qxa1 Ne4 28. Re1 Qxf2 29. Qa8+ Kg7 30. Rxe4 Qxg2
31. Qa1+ f6 32. Re7+ Kh6 33. Qxf6 Qg1+ 34. Kb2 Qxh2 35. Qg7+ Kg5 36. Qxh7 Qf4 37. Qf7 Qd4+ 38. Kb3 Qg1 39. Qd5+ Kh6 40. Qd2+ g5
41. Qxd6+ Kh5 42. Rh7+ Kg4 43. Be6+ Kf3 44. Rh3+ Ke2 45. Bc4+ Ke1 46. Qe5+ Kd1 47. Rd3+ Kc1 48. Qa1#
1-0

[Event "WINTER -2009"]
[Site "SchemingMind.com"]
[Date "2009.11.27"]
[Round "-"]
[White "XTC"]
[Black "Clive Everill"]
[Result "1-0"]
[WhiteCountry "COL"]
[BlackCountry "CZE"]
[WhiteElo "1739"]
[WhiteRD "49"]
[BlackElo "1672"]
[BlackRD "49"]
[GameID "228334"]

1. e4 a6 2. d4 b5 3. Nf3 Bb7 4. Bd3 e6 5. O-O Nf6 6. Re1 c5 7. c3 c4 8. Bc2 Be7 9. d5 Bc5 10. h3 O-O
11. Bg5 h6 12. Bh4 g5 13. Bg3 Nh5 14. Bh2 d6 15. b3 cxb3 16. axb3 e5 17. Nxe5 dxe5 18. Qxh5 Qf6 19. Bg3 Nd7 20. Nd2 Kh7
21. Nf3 Rg8 22. b4 Bb6 23. Bb3 Qd6 24. Qxf7+ Rg7 25. Qf5+ Kh8 26. Nxe5 Bxf2+ 27. Kxf2 Qb6+ 28. Kf1 Rf8 29. Nxd7 Rxf5+ 30. exf5 Qd8
31. Nc5 Bc8 32. Be5 Bxf5 33. Bxg7+ Kxg7 34. g4 Bg6 35. Ne6+
1-0

[Event "WINTER -2009"]
[Site "SchemingMind.com"]
[Date "2009.11.28"]
[Round "-"]
[White "crespov"]
[Black "Clive Everill"]
[Result "1-0"]
[WhiteCountry "CHI"]
[BlackCountry "CZE"]
[WhiteElo "1688"]
[WhiteRD "77"]
[BlackElo "1709"]
[BlackRD "47"]
[GameID "228335"]

1. d4 f5 2. Nf3 Nf6 3. Nc3 e6 4. e3 d5 5. Bd3 c5 6. Ne5 c4 7. Be2 Bb4 8. Bd2 O-O 9. O-O Be7 10. b3 Ne4
11. Nxe4 fxe4 12. bxc4 Nd7 13. Nxd7 Bxd7 14. c5 b6 15. cxb6 axb6 16. c4 Ba4 17. Qc1 Rc8 18. Qc3 b5 19. c5 Rb8 20. a3 Bh4
21. Rab1 Rf6 22. Rb4 Qf8 23. g3 Bg5 24. Qb2 Qe8 25. Rb1 Qf8 26. Be1 h5 27. Rxa4 bxa4 28. Qxb8 Qxb8 29. Rxb8+ Kh7 30. Ra8 h4
31. Rxa4 Rf7 32. Bg4 hxg3 33. hxg3 Re7 34. Ra6 e5 35. Bf5+ Kg8 36. Bb4 exd4 37. exd4 e3 38. fxe3 Bxe3+ 39. Kg2 Bxd4 40. Be6+ Kh7
41. Bxd5 Re5 42. Bc4 Re8 43. Kf3 Bf6 44. Bd3+ Kh8 45. Be4 Rf8 46. Kg4 Be5 47. Ra8
1-0

[Event "WINTER -2009"]
[Site "SchemingMind.com"]
[Date "2009.11.26"]
[Round "-"]
[White "MOIMOI"]
[Black "Clive Everill"]
[Result "0-1"]
[WhiteCountry "POL"]
[BlackCountry "CZE"]
[WhiteElo "1575"]
[WhiteRD "53"]
[BlackElo "1672"]
[BlackRD "49"]
[GameID "228336"]

1. d4 f5 2. Bf4 Nf6 3. Nc3 e6 4. e3 Bb4 5. a3 Bxc3+ 6. bxc3 b6 7. Nf3 Bb7 8. Be2 O-O 9. O-O Ne4 10. Qd3 Ba6
11. c4 d5 12. Qb3 Nc6 13. Rfe1 Na5 14. Qb1 Bxc4 15. Bxc4 Nxc4 16. Ne5 Ncd2 17. Qb5 g5 18. Nc6 Qd7 19. Be5 a6 20. Qe2 Nc4
21. Nb4 a5 22. Nd3 Nc3 23. Qh5 Qe7 24. f4 g4 25. g3 Nd2 26. Kg2 Nf3 27. h3 Qf7 28. hxg4 Nxe1+ 29. Rxe1 Qxh5 30. gxh5 c6
31. Bc7 Rf7 32. Bxb6 Rb7 33. Bc5 Ne4 34. Kh3 Nd2 35. g4 fxg4+ 36. Kxg4 Rg7+ 37. Kh3 Ne4 38. Ne5 Kh8 39. Nxc6 Rag8 40. Rf1 Rg3+
41. Kh2 Rg2+ 42. Kh3 R8g3+ 43. Kh4 Rh2#
0-1

[Event "WINTER -2009"]
[Site "SchemingMind.com"]
[Date "2009.11.27"]
[Round "-"]
[White "memet"]
[Black "Clive Everill"]
[Result "0-1"]
[WhiteCountry "TUR"]
[BlackCountry "CZE"]
[WhiteElo "1624"]
[WhiteRD "78"]
[BlackElo "1672"]
[BlackRD "49"]
[GameID "228337"]

1. e4 d6 2. d4 Nf6 3. Nc3 Nbd7 4. Nf3 e5 5. Bc4 Be7 6. Ng5 O-O 7. h4 h6 8. Nf3 Nb6 9. Bd3 Bg4 10. Be3 c5
11. Be2 exd4 12. Nxd4 cxd4 13. Bxd4 Bxe2 14. Qxe2 Nbd7 15. g4 Nh7 16. f4 Bxh4+ 17. Kd2 Bf6 18. Bxf6 Ndxf6 19. Qd3 Nxg4 20. Ke2 Qb6
21. Qf3 Ngf6 22. b3 Rfe8 23. Rhg1 Nd5 24. Nxd5 Qb5+ 25. c4 Qc5 26. Rac1 Qd4 27. Nc7 Rxe4+ 28. Kf1 Rxf4 29. Nxa8 Rxf3+ 30. Kg2 Qf2+
0-1

[Event "WINTER -2009"]
[Site "SchemingMind.com"]
[Date "2009.11.27"]
[Round "-"]
[White "Jose Luis Fonseca Gonzalez"]
[Black "capablanca"]
[Result "1-0"]
[WhiteCountry "NCA"]
[BlackCountry "GER"]
[WhiteElo "2102"]
[WhiteRD "96"]
[BlackElo "1597"]
[BlackRD "55"]
[GameID "228420"]

1. d4 d5 2. c4 Nf6 3. Nc3 e6 4. Nf3 Bb4 5. Bg5 h6 6. Bxf6 Qxf6 7. Qb3 Bxc3+ 8. bxc3 dxc4 9. Qxc4 Nc6 10. g3 O-O
11. Bg2 Bd7 12. O-O Rac8 13. Rab1 a6 14. a4 Na5 15. Qb4 b6 16. Ne5 Be8 17. Rbd1 Qf5 18. Rd2 f6 19. e4 Qg5 20. f4 Qh5
21. Bf3
1-0

[Event "WINTER -2009"]
[Site "SchemingMind.com"]
[Date "2009.11.27"]
[Round "-"]
[White "Jose Luis Fonseca Gonzalez"]
[Black "XTC"]
[Result "1-0"]
[WhiteCountry "NCA"]
[BlackCountry "COL"]
[WhiteElo "2102"]
[WhiteRD "96"]
[BlackElo "1818"]
[BlackRD "48"]
[GameID "228421"]

1. d4 d5 2. c4 e6 3. g3 Nf6 4. Bg2 Be7 5. Nf3 O-O 6. O-O Nbd7 7. Qc2 c6 8. b3 Re8 9. Nc3 b6 10. e4 dxe4
11. Nxe4 Nxe4 12. Qxe4 Bb7 13. Bf4 Nf6 14. Qe2 Bd6 15. Ne5 Qc7 16. Rfd1 Nd7 17. c5 Bxe5 18. Bxe5 Nxe5 19. dxe5 bxc5 20. Rd6 Red8
21. Rad1 Rxd6 22. exd6 Qa5 23. d7 Rd8 24. Qe5 Ba6 25. Bxc6 h6 26. Qd6
1-0

[Event "WINTER -2009"]
[Site "SchemingMind.com"]
[Date "2009.11.27"]
[Round "-"]
[White "Jose Luis Fonseca Gonzalez"]
[Black "crespov"]
[Result "1-0"]
[WhiteCountry "NCA"]
[BlackCountry "CHI"]
[WhiteElo "2102"]
[WhiteRD "96"]
[BlackElo "1688"]
[BlackRD "77"]
[GameID "228422"]

1. d4 d5 2. c4 Nf6 3. cxd5 Nxd5 4. Nc3 c6 5. e4 Nb6 6. Be3 e6 7. Nf3 N8d7 8. Bd3 Be7 9. O-O O-O 10. Qc2 Re8
11. Rfe1 Nf6 12. h3 Qc7 13. e5 Nfd5 14. Bxh7+ Kh8 15. Bd3 Bd7 16. Ng5 Nxe3 17. Nxf7+ Kg8 18. Bh7+ Kxf7 19. Qg6+ Kf8 20. Rxe3 Qd8
21. Rf3+
1-0

[Event "WINTER -2009"]
[Site "SchemingMind.com"]
[Date "2009.11.27"]
[Round "-"]
[White "Jose Luis Fonseca Gonzalez"]
[Black "Clive Everill"]
[Result "1-0"]
[WhiteCountry "NCA"]
[BlackCountry "CZE"]
[WhiteElo "2102"]
[WhiteRD "96"]
[BlackElo "1709"]
[BlackRD "47"]
[GameID "228423"]

1. d4 Nf6 2. c4 g6 3. Nc3 c5 4. Nf3 Bg7 5. e4 O-O 6. d5 d6 7. Be2 Nbd7 8. O-O Ne8 9. Qd3 e5 10. dxe6 fxe6
11. Be3 a6 12. Qd2 Ndf6 13. Bxc5 Qc7 14. Ba3 Bd7 15. Rad1 Bc6 16. Ng5 Bd7 17. e5 dxe5 18. Qd3 b5 19. Qh3 h6 20. Nxe6 Bxe6
21. Qxe6+ Qf7 22. Qc6 Nc7 23. Bxf8 Bxf8 24. cxb5 axb5 25. Nxb5 Rc8 26. Bc4 Nfd5 27. Rxd5
1-0

[Event "WINTER -2009"]
[Site "SchemingMind.com"]
[Date "2009.11.27"]
[Round "-"]
[White "Jose Luis Fonseca Gonzalez"]
[Black "MOIMOI"]
[Result "1-0"]
[WhiteCountry "NCA"]
[BlackCountry "POL"]
[WhiteElo "2102"]
[WhiteRD "96"]
[BlackElo "1568"]
[BlackRD "51"]
[GameID "228424"]

1. d4 d5 2. c4 c6 3. Nf3 f6 4. Nc3 dxc4 5. e4 b5 6. a4 Qa5 7. Bd2 Qb6 8. Be2 e6 9. O-O Bb4 10. Nxb5 a6
11. Nc3 Ne7 12. a5 Qc7 13. Qa4 Bd6 14. Bxc4 g5 15. e5 fxe5 16. dxe5 Bxe5 17. Rae1 Ng6 18. Nxg5 Ke7 19. f4 Bxf4 20. Bxf4 Nxf4
21. Bxe6 Bxe6 22. Rxf4 Qa7+ 23. Rf2 Rf8 24. Qa3+ c5 25. Rxe6+ Kd8 26. Rxf8+ Kc7 27. Nd5+
1-0

[Event "WINTER -2009"]
[Site "SchemingMind.com"]
[Date "2009.11.27"]
[Round "-"]
[White "Jose Luis Fonseca Gonzalez"]
[Black "memet"]
[Result "1-0"]
[WhiteCountry "NCA"]
[BlackCountry "TUR"]
[WhiteElo "2102"]
[WhiteRD "96"]
[BlackElo "1560"]
[BlackRD "67"]
[GameID "228425"]

1. d4 Nf6 2. c4 c6 3. Nf3 d5 4. Nc3 Bf5 5. e3 Nbd7 6. cxd5 cxd5 7. Qb3 b6 8. Nh4 Be6 9. f4 g6 10. Bd3 Bg7
11. O-O O-O 12. f5 Bxf5 13. Nxf5 gxf5 14. Rxf5 e6 15. Rf3 e5 16. Rg3 e4 17. Ba6 Nb8 18. Bb7 Nbd7 19. Bd2 Rb8 20. Bxd5 Nxd5
21. Qxd5 Nf6 22. Qe5 Re8 23. Qg5 Kf8 24. Qxg7+ Ke7 25. Rf1 Qd6 26. Rxf6 Qxf6 27. Nd5+
1-0

[Event "WINTER -2009"]
[Site "SchemingMind.com"]
[Date "2009.11.28"]
[Round "-"]
[White "capablanca"]
[Black "Jose Luis Fonseca Gonzalez"]
[Result "0-1"]
[WhiteCountry "GER"]
[BlackCountry "NCA"]
[WhiteElo "1597"]
[WhiteRD "55"]
[BlackElo "2102"]
[BlackRD "96"]
[GameID "228426"]

1. e4 e5 2. Nf3 Nf6 3. Nxe5 d6 4. Nf3 Nxe4 5. Qe2 Qe7 6. d3 Nf6 7. Qxe7+ Bxe7 8. Be2 O-O 9. O-O Re8 10. Nc3 c6
11. d4 Bf5 12. Bd3 Bxd3 13. cxd3 Na6 14. Re1 Nb4 15. Re2 Nxd3 16. Bg5 Nd5 17. Nxd5 Bxg5 18. Rxe8+ Rxe8 19. Nxg5 cxd5 20. Nf3 Re2
21. Rf1 Rxb2 22. Rd1 Rxa2 23. h3 Nxf2 24. Rb1 b6 25. Rc1 g6 26. Rc7 Ne4
0-1

[Event "WINTER -2009"]
[Site "SchemingMind.com"]
[Date "2009.11.28"]
[Round "-"]
[White "XTC"]
[Black "Jose Luis Fonseca Gonzalez"]
[Result "0-1"]
[WhiteCountry "COL"]
[BlackCountry "NCA"]
[WhiteElo "1822"]
[WhiteRD "54"]
[BlackElo "2127"]
[BlackRD "95"]
[GameID "228427"]

1. e4 e5 2. Nf3 Nf6 3. Nxe5 d6 4. Nf3 Nxe4 5. d4 d5 6. Bd3 Nc6 7. O-O Be7 8. Nbd2 Ng5 9. Re1 Ne6 10. Bb5 O-O
11. Bxc6 bxc6 12. c3 f6 13. b3 Re8 14. Nf1 Bd6 15. c4 dxc4 16. bxc4 Rb8 17. c5 Bf8 18. Be3 Ba6 19. Ng3 Qd5 20. Qc2 Qc4
21. Qxc4 Bxc4 22. Nd2 Bd5 23. Nde4 f5 24. Ng5 Nxg5 25. Bxg5 g6 26. Bf4 Rxe1+ 27. Rxe1 Rb7 28. a3 Bg7 29. Be5 Bxe5 30. dxe5 Rb3
31. e6 Kf8
0-1

[Event "WINTER -2009"]
[Site "SchemingMind.com"]
[Date "2009.11.28"]
[Round "-"]
[White "crespov"]
[Black "Jose Luis Fonseca Gonzalez"]
[Result "0-1"]
[WhiteCountry "CHI"]
[BlackCountry "NCA"]
[WhiteElo "1670"]
[WhiteRD "80"]
[BlackElo "2127"]
[BlackRD "95"]
[GameID "228428"]

1. c4 Nf6 2. Nc3 c5 3. g3 Nc6 4. Bg2 g6 5. d3 Bg7 6. e4 d6 7. Nge2 O-O 8. O-O Ne8 9. Rb1 Bd7 10. a3 a5
11. Bd2 Nc7 12. Nd5 Nxd5 13. exd5 Ne5 14. Be3 Bf5 15. Be4 Bxe4 16. dxe4 Nxc4 17. Qb3 Nxe3 18. Qxe3 Qd7 19. Nc3 a4 20. Qd3 Rfb8
21. Na2 b5 22. Kg2 b4 23. axb4 cxb4 24. f4 b3 25. Nc3 a3 26. bxa3 Rxa3 27. Rf2 b2 28. Rc2 Qc8 29. Rcxb2 Rxb2+ 30. Rxb2 Rxc3
31. Qb1 Qc4 32. Rb8+ Bf8 33. Qb7 Qe2+ 34. Kh3 Qh5+ 35. Kg2 Rc2+
0-1

[Event "WINTER -2009"]
[Site "SchemingMind.com"]
[Date "2009.11.28"]
[Round "-"]
[White "Clive Everill"]
[Black "Jose Luis Fonseca Gonzalez"]
[Result "0-1"]
[WhiteCountry "CZE"]
[BlackCountry "NCA"]
[WhiteElo "1709"]
[WhiteRD "47"]
[BlackElo "2102"]
[BlackRD "96"]
[GameID "228429"]

1. e4 e5 2. Nc3 Nf6 3. f4 d5 4. fxe5 Nxe4 5. Qf3 f5 6. exf6 Nxf6 7. d3 d4 8. Nb5 c6 9. Na3 Bb4+ 10. Bd2 Bxd2+
11. Kxd2 O-O 12. h3 Qa5+ 13. Kd1 Nd5 14. Qe2 Ne3+ 15. Kc1 Rxf1+
0-1

[Event "WINTER -2009"]
[Site "SchemingMind.com"]
[Date "2009.11.28"]
[Round "-"]
[White "MOIMOI"]
[Black "Jose Luis Fonseca Gonzalez"]
[Result "0-1"]
[WhiteCountry "POL"]
[BlackCountry "NCA"]
[WhiteElo "1568"]
[WhiteRD "51"]
[BlackElo "2102"]
[BlackRD "96"]
[GameID "228430"]

1. Nf3 Nf6 2. b3 c5 3. g3 Nc6 4. Bb2 d6 5. d4 Bf5 6. Bg2 g6 7. d5 Nb4 8. Na3 Be4 9. c4 Bh6 10. O-O O-O
11. Bxf6 exf6 12. Nh4 Bxg2 13. Nxg2 f5 14. Nb5 Bg7 15. a3 Bxa1 16. axb4 Bf6 17. bxc5 dxc5 18. Re1 Qa5 19. d6 a6 20. Nc7 Rad8
21. e4 fxe4 22. Rxe4 Qxc7 23. dxc7 Rxd1+
0-1

[Event "WINTER -2009"]
[Site "SchemingMind.com"]
[Date "2009.11.28"]
[Round "-"]
[White "memet"]
[Black "Jose Luis Fonseca Gonzalez"]
[Result "0-1"]
[WhiteCountry "TUR"]
[BlackCountry "NCA"]
[WhiteElo "1560"]
[WhiteRD "67"]
[BlackElo "2102"]
[BlackRD "96"]
[GameID "228431"]

1. e4 e5 2. Nf3 Nf6 3. c3 Nc6 4. Bc4 Nxe4 5. d4 d5 6. Bd3 exd4 7. O-O Bd6 8. Nxd4 O-O 9. Nxc6 bxc6 10. Nd2 f5
11. Nf3 Bd7 12. Re1 Qf6 13. Bxe4 fxe4 14. Bg5 Qg6 15. Nd4 Qxg5 16. Rf1 Bh3 17. f3 Qxg2#
0-1

[Event "WINTER -2009"]
[Site "SchemingMind.com"]
[Date "2009.11.29"]
[Round "-"]
[White "the_ether_76"]
[Black "capablanca"]
[Result "1-0"]
[WhiteCountry "USA"]
[BlackCountry "GER"]
[WhiteElo "1812"]
[WhiteRD "79"]
[BlackElo "1607"]
[BlackRD "58"]
[GameID "228582"]

1. d4 d5 2. c4 e6 3. Nc3 Nf6 4. e3 Bb4 5. Nf3 Bxc3+ 6. bxc3 dxc4 7. Bxc4 O-O 8. O-O b6 9. Re1 Bb7 10. Bd3 Nc6
11. e4 Ne7 12. Bg5 Nd7 13. Qc2 f6 14. Bh4 Ng6 15. Bg3 c5 16. Rad1 cxd4 17. cxd4 Rc8 18. Qb3 Re8 19. Bc4 Rxc4 20. Qxc4 Kh8
21. Qc7 Qxc7 22. Bxc7 Rc8 23. Bg3 Kg8 24. d5 exd5 25. exd5 Kf7 26. Nh4 Nxh4 27. Bxh4 Rc2 28. d6 Ne5 29. d7
1-0

[Event "WINTER -2009"]
[Site "SchemingMind.com"]
[Date "2009.11.29"]
[Round "-"]
[White "the_ether_76"]
[Black "XTC"]
[Result "1-0"]
[WhiteCountry "USA"]
[BlackCountry "COL"]
[WhiteElo "1812"]
[WhiteRD "79"]
[BlackElo "1822"]
[BlackRD "54"]
[GameID "228583"]

1. d4 d5 2. c4 e6 3. Nc3 Nf6 4. e3 c6 5. Bd3 Nbd7 6. Nf3 Bd6 7. O-O O-O 8. Qc2 dxc4 9. Bxc4 Nb6 10. Bb3 Qe7
11. e4 e5 12. Bg5 exd4 13. Nxd4 Bxh2+ 14. Kh1 Be5 15. Nf3 Bxc3 16. Qxc3 Re8 17. e5 Ne4 18. Bxe7 Nxc3 19. Bc5 Nca4 20. Ba3 Be6
21. Rfe1 Rad8 22. Re4 Bd5 23. Rf4 c5 24. Bxa4 Nxa4 25. Rxa4 b5 26. Rxa7 b4 27. Bxb4 cxb4 28. Rd1 Bxf3 29. Rxd8 Rxd8 30. gxf3 Rb8
31. Kh2 h6 32. Kg3 Rd8 33. Rb7 Rd4 34. f4
1-0

[Event "WINTER -2009"]
[Site "SchemingMind.com"]
[Date "2009.11.30"]
[Round "-"]
[White "the_ether_76"]
[Black "Jose Luis Fonseca Gonzalez"]
[Result "0-1"]
[WhiteCountry "USA"]
[BlackCountry "NCA"]
[WhiteElo "1812"]
[WhiteRD "79"]
[BlackElo "2127"]
[BlackRD "95"]
[GameID "228584"]

1. e4 e5 2. Nf3 Nf6 3. Nxe5 d6 4. Nf3 Nxe4 5. d4 d5 6. Bd3 Nc6 7. O-O Be7 8. Re1 Bg4 9. c4 Nf6 10. Bg5 Nxd4
11. Bxf6 gxf6 12. Qa4+ b5 13. cxb5 Nxf3+ 14. gxf3 Bxf3 15. Nd2 Rg8+ 16. Kf1 Rg4 17. Qc2 Bg2+ 18. Ke2 Kf8
0-1

[Event "WINTER -2009"]
[Site "SchemingMind.com"]
[Date "2009.11.29"]
[Round "-"]
[White "the_ether_76"]
[Black "crespov"]
[Result "1-0"]
[WhiteCountry "USA"]
[BlackCountry "CHI"]
[WhiteElo "1828"]
[WhiteRD "83"]
[BlackElo "1653"]
[BlackRD "78"]
[GameID "228585"]

1. d4 d5 2. c4 Nf6 3. Nc3 e6 4. Nf3 c5 5. cxd5 Nxd5 6. e4 Nxc3 7. bxc3 Nc6 8. Be3 cxd4 9. cxd4 Be7 10. Bc4 O-O
11. O-O Bd7 12. Rc1 a6 13. d5 exd5 14. exd5 Nb8 15. d6 Bf6 16. Bd5 Nc6 17. Qb3 Rb8 18. Rfd1 Ne5 19. Bb6 Qe8 20. Re1 Rc8
21. Bc7 Be6 22. Nxe5 Bxe5 23. Rxe5 Qd7 24. Bxe6 fxe6 25. Qxe6+ Qf7 26. Qxf7+ Rxf7 27. Re7 Rxe7 28. dxe7 Kf7 29. Re1 Ke8 30. Bd8 b5
31. f3 Rc2 32. Re4 Rxa2 33. Rf4 Ra1+ 34. Kf2 Ra2+ 35. Kg3 b4 36. Rf8+ Kd7 37. e8=Q+ Kd6 38. Qe7+ Kc6 39. Qe6+ Kb5 40. Qxa2 a5
41. Qxa5+ Kc4 42. Rf4+ Kd3 43. Qxb4 g5 44. Qc4+ Ke3 45. Bb6+ Kd2 46. Re4 h5 47. Re2+
1-0

[Event "WINTER -2009"]
[Site "SchemingMind.com"]
[Date "2009.11.30"]
[Round "-"]
[White "the_ether_76"]
[Black "Clive Everill"]
[Result "1-0"]
[WhiteCountry "USA"]
[BlackCountry "CZE"]
[WhiteElo "1812"]
[WhiteRD "79"]
[BlackElo "1721"]
[BlackRD "48"]
[GameID "228586"]

1. d4 f5 2. g3 Nf6 3. Nf3 e6 4. Bg2 Be7 5. O-O c5 6. Nc3 O-O 7. d5 d6 8. Bg5 h6 9. Bf4 e5 10. Nxe5 dxe5
11. Bxe5 Ng4 12. d6 Bf6 13. Qd5+ Kh7 14. Bxf6 Rxf6 15. Rad1 Nc6 16. d7 Nb4 17. dxc8=Q Nxd5 18. Qxd8 Rxd8 19. Nxd5 Rfd6 20. Nc3 b6
21. Rxd6 Rxd6 22. Rd1 Re6 23. Bh3 h5 24. Bxg4 fxg4 25. Nd5 Rxe2 26. Ne3 h4 27. Kf1
1-0

[Event "WINTER -2009"]
[Site "SchemingMind.com"]
[Date "2009.11.29"]
[Round "-"]
[White "the_ether_76"]
[Black "MOIMOI"]
[Result "1-0"]
[WhiteCountry "USA"]
[BlackCountry "POL"]
[WhiteElo "1785"]
[WhiteRD "91"]
[BlackElo "1568"]
[BlackRD "51"]
[GameID "228587"]

1. d4 e6 2. e4 g6 3. Nf3 d6 4. c4 Bg7 5. Nc3 Ne7 6. Bd3 c5 7. Be3 Nbc6 8. dxc5 dxc5 9. Bxc5 Qa5 10. Be3 Bxc3+
11. bxc3 Qxc3+ 12. Ke2 O-O 13. Qd2 Qxd2+ 14. Bxd2 a5 15. e5 f5 16. exf6 Rxf6 17. Bc3 Rf8 18. Rhe1 Nb4 19. Be4 Nec6 20. a3 Na6
21. Bxc6 bxc6 22. Bxa5 Nb8 23. Bc7 Na6 24. Bd6 Rd8 25. c5 Nb8 26. Nd4 Bd7 27. Kf1 Re8 28. Nf3 Bc8 29. Ne5 Ba6+ 30. Kg1 Bb5
31. a4 Bxa4 32. Re4 Nd7 33. Nxd7
1-0

[Event "WINTER -2009"]
[Site "SchemingMind.com"]
[Date "2009.11.29"]
[Round "-"]
[White "the_ether_76"]
[Black "memet"]
[Result "1-0"]
[WhiteCountry "USA"]
[BlackCountry "TUR"]
[WhiteElo "1785"]
[WhiteRD "91"]
[BlackElo "1560"]
[BlackRD "67"]
[GameID "228588"]

1. d4 d5 2. c4 Nf6 3. Nc3 c5 4. e3 e6 5. Nf3 cxd4 6. Nxd4 Bb4 7. Qa4+ Nc6 8. Nxc6 Bxc3+ 9. bxc3 bxc6 10. Qxc6+ Bd7
11. Qd6 Qa5 12. Qb4 Qc7 13. Ba3 Bc6 14. Rb1 Nd7 15. Qe7#
1-0

[Event "WINTER -2009"]
[Site "SchemingMind.com"]
[Date "2009.11.29"]
[Round "-"]
[White "capablanca"]
[Black "the_ether_76"]
[Result "1-0"]
[WhiteCountry "GER"]
[BlackCountry "USA"]
[WhiteElo "1607"]
[WhiteRD "58"]
[BlackElo "1812"]
[BlackRD "79"]
[GameID "228589"]

1. e4 c5 2. Nf3 Nc6 3. d4 cxd4 4. Nxd4 g6 5. c4 d6 6. Nc3 Bg7 7. Be3 Nf6 8. f3 O-O 9. Be2 a6 10. Nd5 Nxd5
11. exd5 Nxd4 12. Bxd4 Qa5+ 13. Kf1 Qc7 14. Bxg7 Kxg7 15. Qd4+ Kg8 16. Kf2 Bd7 17. Rhe1 Rab8 18. Bd3 e5 19. Qh4 Qb6+ 20. Kf1 Qxb2
21. Reb1 Qc3 22. Ke2 f6 23. Rc1 Qb2+ 24. Kf1 b5 25. Rcb1 Qd2 26. Rd1 Qe3 27. Rab1 bxc4 28. Bxc4 Bb5 29. Bxb5 axb5 30. Qb4 Qb6
31. a4 Rfc8 32. Qxb5 Qxb5+ 33. Rxb5 Ra8 34. Ra1 Rc5 35. Rxc5 dxc5 36. Ke2 Kf7 37. Kd3 Ke7 38. Kc4 Kd6 39. a5
1-0

[Event "WINTER -2009"]
[Site "SchemingMind.com"]
[Date "2009.11.30"]
[Round "-"]
[White "XTC"]
[Black "the_ether_76"]
[Result "1-0"]
[WhiteCountry "COL"]
[BlackCountry "USA"]
[WhiteElo "1822"]
[WhiteRD "54"]
[BlackElo "1812"]
[BlackRD "79"]
[GameID "228590"]

1. e4 c5 2. Nf3 Nc6 3. d4 cxd4 4. Nxd4 g6 5. c4 d6 6. Be3 Bg7 7. Nc3 Bd7 8. Be2 e6 9. O-O Nge7 10. Ndb5 Be5
11. f4 Bg7 12. Nxd6+ Kf8 13. Nxb7 Qc7 14. Nc5 Bc8 15. Nb5 Qd8 16. Qxd8+ Nxd8 17. Rad1 Nec6 18. e5 a6 19. Nc7 Rb8 20. b3 Kg8
21. Bf3 Bf8 22. N5xa6 Bxa6 23. Nxa6 Ra8 24. Rxd8 Rxa6 25. Bxc6 Rxc6 26. f5
1-0

[Event "WINTER -2009"]
[Site "SchemingMind.com"]
[Date "2009.12.01"]
[Round "-"]
[White "Jose Luis Fonseca Gonzalez"]
[Black "the_ether_76"]
[Result "1-0"]
[WhiteCountry "NCA"]
[BlackCountry "USA"]
[WhiteElo "2127"]
[WhiteRD "95"]
[BlackElo "1812"]
[BlackRD "79"]
[GameID "228591"]

1. d4 d5 2. c4 e6 3. g3 c5 4. cxd5 Qxd5 5. Nf3 Nc6 6. Nc3 Qh5 7. Nb5 Kd8 8. Bg5+ Be7 9. dxc5+ Bd7 10. Qd2 f6
11. O-O-O Nd4 12. Qxd4
1-0

[Event "WINTER -2009"]
[Site "SchemingMind.com"]
[Date "2009.11.29"]
[Round "-"]
[White "crespov"]
[Black "the_ether_76"]
[Result "0-1"]
[WhiteCountry "CHI"]
[BlackCountry "USA"]
[WhiteElo "1670"]
[WhiteRD "80"]
[BlackElo "1812"]
[BlackRD "79"]
[GameID "228592"]

1. c4 e5 2. Nc3 Nf6 3. d3 Bc5 4. g3 d6 5. Bg2 O-O 6. e3 c6 7. Nge2 Be6 8. O-O Ng4 9. h3 Nf6 10. a3 d5
11. cxd5 cxd5 12. b4 Bb6 13. Kh2 Nc6 14. f4 e4 15. dxe4 dxe4 16. Nxe4 Nxe4 17. Bxe4 Qf6 18. Rb1 Bxh3 19. Rh1 Bf5 20. Bxf5 Qxf5
21. Bd2 Rad8 22. Qe1 Rfe8 23. Kg2 Bxe3 24. Bc3 Qe4+ 25. Kh3 Rd6 26. Rd1 Rh6+ 27. Kg4 Rg6+ 28. Kh3 Ree6 29. b5 Rh6+ 30. Kg4 Reg6#
0-1

[Event "WINTER -2009"]
[Site "SchemingMind.com"]
[Date "2009.12.01"]
[Round "-"]
[White "Clive Everill"]
[Black "the_ether_76"]
[Result "0-1"]
[WhiteCountry "CZE"]
[BlackCountry "USA"]
[WhiteElo "1721"]
[WhiteRD "48"]
[BlackElo "1812"]
[BlackRD "79"]
[GameID "228593"]

1. e4 c5 2. Nf3 Nc6 3. d4 cxd4 4. Nxd4 g6 5. Nxc6 bxc6 6. Be2 Bg7 7. c3 e6 8. O-O Ne7 9. Nd2 O-O 10. f4 d5
11. e5 Nf5 12. g4 Ne3 13. Qa4 Nxf1 14. Nxf1 Bd7 15. Qd1 c5 16. Ng3 Qb6 17. Nf1 Bb5 18. Bf3 Rad8 19. a4 Bc4 20. Ne3 Bb3
21. Qe1 d4 22. cxd4 cxd4 23. Nd1 d3+ 24. Kg2 Bxd1 25. Bxd1 d2 26. Bxd2 Qxb2 27. Be2 Rxd2
0-1

[Event "WINTER -2009"]
[Site "SchemingMind.com"]
[Date "2009.11.29"]
[Round "-"]
[White "MOIMOI"]
[Black "the_ether_76"]
[Result "0-1"]
[WhiteCountry "POL"]
[BlackCountry "USA"]
[WhiteElo "1597"]
[WhiteRD "54"]
[BlackElo "1812"]
[BlackRD "79"]
[GameID "228594"]

1. g3 e5 2. d3 d5 3. Nf3 Nc6 4. Bg2 Be6 5. h4 Nf6 6. Nc3 Bc5 7. Bg5 O-O 8. a3 h6 9. Bd2 Re8 10. O-O Nh5
11. Kh1 f5 12. e3 Nf6 13. d4 exd4 14. exd4 Nxd4 15. Nxd4 Bxd4 16. Bf4 Bxc3 17. bxc3 Ne4 18. Bxe4 fxe4 19. Rb1 b6 20. Qh5 Qd7
21. Qe2 Qc6 22. Qd2 e3 23. fxe3 d4+ 24. Kh2 dxe3 25. Bxe3 Rad8 26. Qg2 Qxc3 27. Rfe1 Bf5 28. Re2 Rxe3 29. Rb3 Rxe2 30. Rxc3 Rxg2+
31. Kxg2 Rd2+ 32. Kf1 Rxc2 33. Re3 Kf7 34. Ke1 Rc6 35. Kf2 Re6 36. Rc3 c5 37. a4 h5 38. Rf3 g6
0-1

[Event "WINTER -2009"]
[Site "SchemingMind.com"]
[Date "2009.11.30"]
[Round "-"]
[White "memet"]
[Black "the_ether_76"]
[Result "0-1"]
[WhiteCountry "TUR"]
[BlackCountry "USA"]
[WhiteElo "1543"]
[WhiteRD "72"]
[BlackElo "1812"]
[BlackRD "79"]
[GameID "228595"]

1. e4 c5 2. Nf3 Nc6 3. c3 d5 4. exd5 Qxd5 5. d4 cxd4 6. c4 Qh5 7. Be2 Bg4 8. O-O e5 9. Re1 f6 10. Qb3 O-O-O
11. h3 Be6 12. Ng5 Qe8 13. Bf3 fxg5 14. Bxg5 Be7 15. Bd2 Bf6 16. Na3 Nge7 17. Qc2 Qg6 18. Qa4 Bxh3 19. b4 Rhf8 20. Be4 Bf5
21. Bxc6 Nxc6 22. b5 Bh3 23. g3 Bh4 24. bxc6 Bxg3 25. cxb7+ Kb8 26. Kh1 Bxf2 27. Rg1 Qe4+ 28. Kh2 Bxg1+ 29. Rxg1 Rf2+ 30. Kxh3 Qf3+
31. Kh4 Rh2+ 32. Kg5 Qh5#
0-1